000 00668nam a2200253 i 4500
001 C2-0219635
003 PPAK
005 20180728112006.0
008 990906s1965 nyua|||| ||||| | eng d
020 _a060002380X
040 _aPPAK
_beng
_cPPAK
_erda
082 0 4 _a703
_2 23
090 0 0 _a703
_bLAR
_dR
245 0 0 _aLarousse Encyclopedia of Modern Art
250 _aHuyghe, Rene
264 1 _aNew York :
_bHamlyn ,
_c1965
300 _a461 pages :
_billustrations ;
_c29 cm
336 _2rdacontent
_atext
337 _2rdamedia
_aunmediated
338 _2rdacarrier
_avolume
500 _aincludes index
650 1 0 _aArt- encyclopedia
942 _ddc
_cB
999 _c162198
_d162198